Rabelais secret.

Zapisane w:
Opis bibliograficzny
1. autor: Mettra, Claude
Format: Książka
Język:French
Wydane: [Paris, Grasset, 1973]
Seria:Histoire des personnages mysterieux et des societes secretes
Hasła przedmiotowe:
LEADER 01015nam a2200277 4500
001 c000138551
003 CARM
005 00000000000000.0
008 730928s1973 fr a b 00000bfre
015 |a F*** 
019 1 |a 399534  |5 LACONCORD2021 
035 |a (OCoLC)725929  |5 LACONCORD2021 
050 0 0 |a PQ1693  |b .M4 
100 1 |a Mettra, Claude. 
245 1 0 |a Rabelais secret. 
260 |a [Paris,  |b Grasset,  |c 1973] 
300 |a 285, [3] p.  |b illus.  |c 21 cm. 
490 0 |a Histoire des personnages mysterieux et des societes secretes 
500 |a Half title: Rabelais secret; une religion de la joie. 
504 |a Bibliography: p. 285-[286] 
600 1 0 |a Rabelais, Francois,  |d ca. 1490-1553?  |x Knowledge  |x Occultism. 
650 0 |a Occultism in literature. 
852 8 |b CARM  |h A2:AF11B0  |i B01157  |p 0058853  |f BK 
082 0 |a 840.3 
999 f f |i f7134c79-46a2-5fbe-a86b-c76a93836a41  |s cd5048c2-0355-51f7-af0f-fb70a021565e 
952 f f |p Can circulate  |a CAVAL  |b CAVAL  |c CAVAL  |d CARM 1 Store  |e B01157  |f A2:AF11B0  |h Other scheme  |i book  |m 0058853